| 000 | 00387nam a2200145 a 4500 | ||
|---|---|---|---|
| 008 | 970916s1959||||xx 0 und c | ||
| 040 |
_aSNK _bslo _cSNK _eAACR2 |
||
| 100 | 1 | _aLangmeier, Josef | |
| 245 | 1 | 0 |
_aČlověk známý neznámý _bKapitoly z praktické psychologie |
| 260 |
_aPraha _bMladá fronta _c1959 |
||
| 300 | _a469 s. | ||
| 044 |
_axo _cSK |
||
| 041 | _aslo | ||
| 020 | _c23,70 | ||
| 999 |
_c12080 _d12080 |
||